LEADER 01394nas 2200445-a 450 001 996204961103316 005 20230224213018.0 011 $a1540-9511 035 $a(DE-599)ZDB2091299-7 035 $a(OCoLC)50208694 035 $a(CKB)110978966556034 035 $a(CONSER)--2002214520 035 $a(EXLCZ)99110978966556034 100 $a20020722b19782014 s-- a 101 0 $aeng 135 $aurcnu|||||||| 181 $ctxt$2rdacontent 182 $cc$2rdamedia 183 $acr$2rdacarrier 200 10$aLibrary & archival security 210 $aBinghamton, N.Y. $cHaworth Press 300 $aRefereed/Peer-reviewed 311 $a0196-0075 517 3 $aLibrary and archival security 531 $aLIBRARY AND ARCHIVAL SECURITY 531 $aLIBR ARCH SECUR 606 $aLibraries$xSecurity measures$vPeriodicals 606 $aArchives$xSecurity measures$vPeriodicals 606 $aArchives$xSecurity measures$2fast$3(OCoLC)fst00814084 606 $aLibraries$xSecurity measures$2fast$3(OCoLC)fst00997437 608 $aPeriodicals.$2fast 615 0$aLibraries$xSecurity measures 615 0$aArchives$xSecurity measures 615 7$aArchives$xSecurity measures. 615 7$aLibraries$xSecurity measures. 676 $a025.82 906 $aJOURNAL 912 $a996204961103316 996 $aLibrary & archival security$92577838 997 $aUNISA LEADER 02282 am 22005053u 450 001 9910153760503321 005 20230607142943.0 010 $a1-76046-057-5 035 $a(CKB)3880000000044162 035 $a(MiAaPQ)EBC4743579 035 $a(oapen)https://directory.doabooks.org/handle/20.500.12854/30238 035 $a(EXLCZ)993880000000044162 100 $a20161125h20162016 uy 0 101 0 $aeng 135 $aurmn#|||||||| 181 $ctxt$2rdacontent 182 $cc$2rdamedia 183 $acr$2rdacarrier 200 02$aA national asset $e50 years of the strategic and defence studies centre /$fedited by Desmond Ball and Andrew Carr 210 $cANU Press$d2016 210 1$aActon, Australia :$cAustralian National University Press,$d2016. 210 4$d©2016 215 $a1 online resource (296 pages, 34 unnumbered pages of plates) $cillustrations 311 08$aPrint version: 9781760460563 330 $aThis volume commemorates the 50th anniversary of the Strategic and Defence Studies Centre (SDSC). The Centre is Australia?s largest body of scholars dedicated to the analysis of the use of armed force in its political context and one of the earliest generation of post-World War II research institutions on strategic affairs. The book features chapters replete with stories of university politics, internal SDSC activities, cooperation among people with different social and political values, and conflicts between others, as well as the Centre?s public achievements. It also details the evolution of strategic studies in Australia and the contribution of academia and defence intellectuals to national defence policy. 606 $aMilitary research$zAustralia$xHistory 610 $aaustralia 610 $astrategic affairs research 610 $adefence policy 610 $aCanberra 610 $aDes Ball 610 $aInternational relations 615 0$aMilitary research$xHistory. 676 $a355.03 700 $aBall$b Desmond$4edt$0801546 702 $aBall$b Desmond 702 $aCarr$b Andrew 801 0$bMiAaPQ 801 1$bMiAaPQ 801 2$bMiAaPQ 801 2$bUkMaJRU 906 $aBOOK 912 $a9910153760503321 996 $aA national asset$93375277 997 $aUNINA LEADER 01352oam 2200385zu 450 001 9910872856103321 005 20241212215049.0 035 $a(CKB)111055184224120 035 $a(SSID)ssj0000451598 035 $a(PQKBManifestationID)12155641 035 $a(PQKBTitleCode)TC0000451598 035 $a(PQKBWorkID)10463132 035 $a(PQKB)10857693 035 $a(EXLCZ)99111055184224120 100 $a20160829d2001 uy 101 0 $aeng 181 $ctxt 182 $cc 183 $acr 200 10$a4th IEEE International Symposium on Object-Oriented Real-Time Distributed Computing: Proceedings, ISORC 2001, 2-4 May 2001, Magdeburg, Germany 210 31$a[Place of publication not identified]$cIEEE Computer Society Press$d2001 300 $aBibliographic Level Mode of Issuance: Monograph 311 08$a9780769510897 311 08$a0769510892 606 $aEngineering & Applied Sciences$2HILCC 606 $aComputer Science$2HILCC 615 7$aEngineering & Applied Sciences 615 7$aComputer Science 676 $a005.1/17 712 02$aIEEE Computer Society. 801 0$bPQKB 906 $aPROCEEDING 912 $a9910872856103321 996 $a4th IEEE International Symposium on Object-Oriented Real-Time Distributed Computing: Proceedings, ISORC 2001, 2-4 May 2001, Magdeburg, Germany$92313489 997 $aUNINA